000 00885nam a2200301Ia 4500
003 OSt
005 20250808122227.0
008 210210b2007 xxu||||| |||| 00| 0 eng d
040 _cAL
041 _aKannada
082 _aK894.4 KARV
100 _aKARNATAKA SAHITYA AKADEMI
_dಕರ್ನಾಟಕ ಸಾಹಿತ್ಯ ಅಕಾಡೆಮಿ
_9234668
245 _aVichara sahitya 2006
_bವಿಚಾರ ಸಾಹಿತ್ಯ
260 _aBengaluru
_bKarnataka Sahitya Akademi
_c2007
300 _ax,342
650 _aVichara
_9234669
650 _aTi
_9234670
650 _asahitya
_9234671
650 _aPote
_9234672
650 _aEd
_9234673
650 _aEch
_9234674
650 _aBy
_9234675
650 _a2006
_9234676
690 _aKannada Prose
_9234677
700 _aH T Pote
_dಎಚ್ ಟಿ ಪೋತೆ ed
_9234678
906 _a065370
942 _2ddc
_cBK
999 _c142537
_d142537